000 00522nam a2200181Ia 4500
008 100917s9999 xx 000 0 und d
082 _b24575
100 _a---
245 _aहिन्दी - पद्यावली
260 _bदक्षणि भारत प्रचार सभा
_c1937
300 _a14
365 _b0.12
520 _a---
630 _aहिन्दी - पद्यावली
650 _a---
730 _aहिन्दी - पद्यावली
942 _cBOOK
999 _c629969
_d629966